Countries of the world by picture - D, E and F - Statistics

General Stats
  • This quiz has been taken 25 times
  • The average score is 11 of 16
Answer Stats
Picture Answer % Correct
Denmark
90%
Egypt
86%
France
86%
Eritrea
81%
Fiji
81%
Estonia
71%
Finland
71%
El Salvador
67%
Ethiopia
67%
Dominica
62%
Dominican Republic
62%
Eswatini
57%
Democratic Republic Of The Congo
52%
Djibouti
52%
Ecuador
52%
Equatorial guinea
33%
No matching quizzes found
Score Distribution
Percent of People with Each Score
Percentile by Number Answered
Your Score History
You have not taken this quiz